000 00503nam a22001697a 4500
005 20240109152344.0
008 190528b xxu||||| |||| 00| 0 eng d
020 _a978-81-85790-08-4
041 _aeng
100 _aKASTURE, DR, A.V. ,MAHADIK,DR. K.R.,WADODKAR,DR. S.G.,AND MORE ,DR. H.N.
_98367
245 _aPHARMACEUTICAL ANALYSIS INSTRUMENTAL METHODS (VOL-II)
250 _a24th Ed., 2018
260 _aPUNE
_bNIRALI PRAKASHAN
300 _a1.2 p,
650 _aPHARMACY
_xD.PHARMA
942 _cBK
999 _c5868
_d5866